| 000 -LEADER |
| fixed length control field |
01997 a2200241 4500 |
| 003 - CONTROL NUMBER IDENTIFIER |
| control field |
OSt |
| 005 - DATE AND TIME OF LATEST TRANSACTION |
| control field |
20180116182849.0 |
| 008 - FIXED-LENGTH DATA ELEMENTS--GENERAL INFORMATION |
| fixed length control field |
160426b xxu||||| |||| 00| 0 eng d |
| 020 ## - INTERNATIONAL STANDARD BOOK NUMBER |
| International Standard Book Number |
1931576467 (paperback) |
| 020 ## - INTERNATIONAL STANDARD BOOK NUMBER |
| International Standard Book Number |
9781931576468 (paperback) |
| 040 ## - CATALOGING SOURCE |
| Transcribing agency |
0 |
| 082 04 - DEWEY DECIMAL CLASSIFICATION NUMBER |
| Classification number |
658.3225 |
| 100 ## - MAIN ENTRY--PERSONAL NAME |
| Personal name |
Heneman, Robert. |
| 245 10 - TITLE STATEMENT |
| Title |
Merit pay : |
| Remainder of title |
linking pay to performance in a changing world / |
| Statement of responsibility, etc. |
Robert Heneman, Jon M Wener. |
| 250 ## - EDITION STATEMENT |
| Edition statement |
2nd ed. |
| 260 ## - PUBLICATION, DISTRIBUTION, ETC. |
| Place of publication, distribution, etc. |
[S.l.] : |
| Name of publisher, distributor, etc. |
Information Age Publishing, |
| Date of publication, distribution, etc. |
2003. |
| 300 ## - PHYSICAL DESCRIPTION |
| Extent |
308 p. ; |
| Dimensions |
24 cm. |
| 520 ## - SUMMARY, ETC. |
| Summary, etc. |
This book was written to bring together a summary of the current knowledge on merit pay and to further advance understanding of this type of incentive pay plan. When the writing of the first edition was begun in 1989, there were no books devoted exclusively to the subject of merit pay. Thus, this book was written to fill a void in the compensation literature. Since then, surveys have shown that merit pay remains a frequently used method of incentive compensation, and research into the merit pay process continues to grow. However, other forms of incentive pay, such as gainsharing, continue to receive the most attention, as evidenced by the number of books and articles on this topic in the popular press. In response to the frequent use of merit pay in organizations and the growing body of research, a book-length treatment of merit pay was needed. What we hope to do with this second edition, beyond updating, is to link merit pay with the many changes going on in total compensation or "reward management" (R. Heneman, 2001a, 2002). We also will argue that, even among all the challenges and changes that organizations currently face, there is still "merit" in appropriately conceived and implemented merit pay plans (Bates, 2003c). |
| 700 1# - ADDED ENTRY--PERSONAL NAME |
| Personal name |
Heneman, Robert. |
| 700 1# - ADDED ENTRY--PERSONAL NAME |
| Personal name |
Wener, Jon M. |
| 856 40 - ELECTRONIC LOCATION AND ACCESS |
| Materials specified |
Amazon.com |
| Uniform Resource Identifier |
<a href="http://www.amazon.com/exec/obidos/ASIN/1931576467/chopaconline-20">http://www.amazon.com/exec/obidos/ASIN/1931576467/chopaconline-20</a> |
| 942 ## - ADDED ENTRY ELEMENTS (KOHA) |
| Institution code [OBSOLETE] |
NBS |
| Koha item type |
Book |
| Call number prefix |
658.3225 HEN |
| Source of classification or shelving scheme |
|